| 000 | 01300nab a22002657a 4500 | ||
|---|---|---|---|
| 999 |
_c6345 _d6345 |
||
| 003 | OSt | ||
| 005 | 20260130221756.0 | ||
| 008 | 190603e xxum|||| |||| 00| 0 spa d | ||
| 040 | _cPJ | ||
| 100 |
_94098 _aDominoni, Juan Facundo |
||
| 245 | 1 | 0 |
_aConsentimiento informado vs. planificación familiar / _cJuan Facundo Dominoni. |
| 260 |
_cCiudad Autónoma de Buenos Aires : _aThomson Reuters La Ley, _b2025. |
||
| 300 | _ap. 305-309 | ||
| 500 | _aCita: TR LALEY AR/DOC/2245/2025 Publicado en: RCCyC 2025 (Octubre). | ||
| 505 | _aSumario: I. Nota a fallo.— II. Plataforma fáctica.— III. Responsabilidad médica y consentimiento informado. | ||
| 505 | _aFallo comentado: CCiv. y Com., Pergamino ~ 01/07/2025 ~ B., M. B. c. C. C. SA y otro/a s/ daños y perj. resp. ejerc. prof. / funcionarios. | ||
| 505 | _t¿Te interesa el texto completo? Solicitalo al correo: koha@justierradelfuego.gov.ar | ||
| 650 | 0 |
_91497 _aCODIGO CIVIL Y COMERCIAL |
|
| 650 | 0 |
_91253 _aDERECHO A LA SALUD |
|
| 650 | 0 |
_93407 _aDERECHO A LA INFORMACIÓN |
|
| 650 | 0 |
_aRESPONSABILIDAD MÉDICA _93713 |
|
| 650 | 0 |
_aCONSENTIMIENTO INFORMADO _94273 |
|
| 773 | 0 |
_02713 _93170 _dCiudad Autónoma de Buenos Aires : Thomson Reuters La Ley, 2015- _tRevista Código Civil y Comercial. Nº 5 - Octubre 2025 |
|
| 942 |
_2udc _cANA |
||